Sumación de series de radio nulo y prolongación semianalítica (Record no. 138470)

MARC details
000 -LEADER
campo de control de longitud fija 00729nam a2200193 4500
001 - NÚMERO DE CONTROL
campo de control 138470
003 - IDENTIFICADOR DE NÚMERO DE CONTROL
campo de control ES-MaACL
005 - FECHA Y HORA DE LA ÚLTIMA TRANSACCIÓN
campo de control 20230906195554.0
007 - CAMPO FIJO DE DESCRIPCIÓN FÍSICA--INFORMACIÓN GENERAL
campo de control de longitud fija t|
008 - DATOS DE LONGITUD FIJA--INFORMACIÓN GENERAL
campo de control de longitud fija 070214s1933 sp r ||||1| spa d
100 1# - ENTRADA PRINCIPAL--NOMBRE DE PERSONA
Nombre de persona San Juan Llosá, Ricardo.
9 (RLIN) 102252
245 10 - MENCIÓN DEL TÍTULO
Título Sumación de series de radio nulo y prolongación semianalítica
Resto del título : memoria presentada para aspirar al grado de Doctor en Ciencias Exactas /
Mención de responsabilidad, etc. por Ricardo San Juan Llosá.
260 ## - PUBLICACIÓN, DISTRIBUCIÓN, ETC.
Lugar de publicación, distribución, etc. Madrid :
Nombre del editor, distribuidor, etc. Universidad Central, Facultad de Ciencias,
Fecha de publicación, distribución, etc. 1933.
300 ## - DESCRIPCIÓN FÍSICA
Extensión 77 p. ;
Dimensiones 24 x 17 cm.
500 ## - NOTA GENERAL
Nota general Tesis doctoral.
710 2# - ENTRADA AGREGADA--NOMBRE DE ENTIDAD CORPORATIVA
Nombre de entidad corporativa o nombre de jurisdicción como elemento de entrada Universidad Central (Madrid).
Unidad subordinada Facultad de Ciencias.
9 (RLIN) 7088
852 ## - LOCALIZACIÓN
Ubicación ES-MaACL
Número de control de estantería 1778-F-17
852 ## - LOCALIZACIÓN
Ubicación ES-MaACL
Número de control de estantería 1769-F-13
Holdings
Estatus retirado Estado de pérdida Estado de daño No para préstamo Colección Biblioteca de origen Biblioteca actual Ubicación en estantería Fecha de adquisición Fuente de adquisición Total de préstamos Signatura topográfica completa Código de barras Visto por última vez Precio de reemplazo Tipo de ítem Koha
        Colección de folletos Biblioteca del Ateneo de Madrid Biblioteca del Ateneo de Madrid Depósito folletos 17/01/2008     1769-F-13 1144089 23/02/2023 23/02/2023 Folleto
        Colección de folletos Biblioteca del Ateneo de Madrid Biblioteca del Ateneo de Madrid Depósito folletos 17/01/2008     1778-F-17 1144088 23/02/2023 23/02/2023 Folleto